| 000 | 02128nam a2200577 i 4500 | ||
|---|---|---|---|
| 001 | 29980 | ||
| 003 | KOSZ 005 | ||
| 005 | 20210115100547.0 | ||
| 008 | 970629s1992 pl a f |001 0 pol | ||
| 015 | _aUWD 1993/2638 | ||
| 020 | _a8306019652 | ||
| 035 | _a991000761189705066 | ||
| 035 | _a(PL-WaBN)b10242429-48omnis_nlop | ||
| 035 | _ab10242429 | ||
| 035 | _a(OCoLC)830054958 | ||
| 035 | _a(PL)b0000001024242 | ||
| 035 | _a(EXLNZ-48OMNIS_NETWORK)9910340644405606 | ||
| 040 |
_aWA N _cWA N _dKOSZ 005/EG |
||
| 041 | 1 |
_apol _hfre |
|
| 080 | _a338.1 | ||
| 080 | _a(091) | ||
| 080 | _a"14/17" | ||
| 100 | 1 |
_aBraudel, Fernand _d(1902-1985) _eAutor |
|
| 245 | 1 | 0 |
_aKultura materialna, gospodarka i kapitalizm XV-XVIII wiek. _nT. 3, _pCzas świata / _cFernand Braudel ; przeł. [z fr.] Jan i Jerzy Strzeleccy ; [wstęp i red. nauk. Jacek Kochanowicz]. |
| 246 | 1 |
_iTyt. oryg.: _aCivilisation matérielle, économie et capitalisme, XV-XVIII siècle, _f1979 |
|
| 246 | 1 |
_iTyt. oryg.: _aTemps du monde |
|
| 260 |
_aWarszawa : _bPańst. Instytut Wydawniczy, _c1992. |
||
| 300 |
_a691 s., [72] s. tabl. : _bil., mapy, portr. ; _c25 cm. |
||
| 336 |
_aTekst _btxt _2rdacontent |
||
| 337 |
_aBez urządzenia pośredniczącego _bn _2rdamedia |
||
| 338 |
_aWolumin _bnc _2rdacarrier |
||
| 380 | _aKsiążki | ||
| 388 | _a1901-2000 | ||
| 388 | _a1989-2000 | ||
| 500 | _aTyt. oryg.: Le temps du monde | ||
| 504 | _aIndeksy. | ||
| 648 | 7 |
_a1401-1500 _2DBN |
|
| 648 | 7 |
_a1501-1600 _2DBN |
|
| 648 | 7 |
_a1601-1700 _2DBN |
|
| 648 | 7 |
_a1701-1800 _2DBN |
|
| 650 | 7 |
_aHistoria gospodarcza _2DBN |
|
| 658 | _aGospodarka, ekonomia, finanse | ||
| 658 | _aHistoria | ||
| 700 | 1 |
_aKochanowicz, Jacek _d(1946-2014) _ePrzedmowa |
|
| 700 | 1 |
_aStrzelecki, Jan _d(1919-1988) _eTłumaczenie |
|
| 700 | 1 |
_aStrzelecki, Jerzy _d(1954-2016) _eTłumaczenie |
|
| 710 | 2 |
_aPaństwowy Instytut Wydawniczy _4pbl |
|
| 856 |
_uhttp://koha.tu.koszalin.pl/cgi-bin/koha/opac-detail.pl?biblionumber=29980 _yKatalog online BPK |
||
| 942 |
_2UKD _cKS |
||
| 999 |
_c29980 _d29980 |
||